MARC

LEADER 00000nam0a2200000 4500
001 47314
005 20231101211100.0
010 |a 5854380234 
035 |a (RuTPU)RU\TPU\book\49414 
090 |a 47314 
100 |a 20030206d2001 m y0rusy50 ca 
101 0 |a rus 
102 |a RU 
105 |a y e 000zy 
200 1 |a Банковское дело  |e толковый словарь  |f О. М. Островская 
205 |a 2-е изд. 
210 |a Москва  |c Гелиос АРВ  |d 2001 
215 |a 400 с. 
606 1 |a Банковская деятельность  |x Экономика  |2 stltpush  |3 (RuTPU)RU\TPU\subj\72815  |9 86208 
610 1 |a экономика 
610 1 |a финансы 
610 1 |a банки 
610 1 |a банковское дело 
610 1 |a толковые словари 
610 1 |a термины 
686 |a У9(2)262.10я2  |v LBC/SL-A  |2 rubbk 
700 1 |a Островская  |b О. М.  |g Ольга Михайловна 
801 1 |a RU  |b 63413507  |c 20030206  |g PSBO 
801 2 |a RU  |b 63413507  |c 20230620  |g PSBO 
942 |c BK